| 000 | 00736nam a22002417a 4500 | ||
|---|---|---|---|
| 003 | SISC | ||
| 005 | 20160622151458.0 | ||
| 008 | 130816t xxu||||| |||| 00| 0 eng d | ||
| 020 | _a9710843877 | ||
| 050 |
_aPS 507 _b.M553 2005 |
||
| 082 |
_aHS 820.9 _bG28 2005 |
||
| 100 |
_aMercado, Julio F. _911267 |
||
| 245 |
_aGEMS in English & American literature / _cMercado, Julio F. ... [et al] |
||
| 260 |
_aMandaluyong City : _bNational Book Store, _cc2005. |
||
| 300 |
_a456 p. : _bill. ; _c25 cm. |
||
| 650 |
_aEnglish literature _xHistory and criticism. _911268 |
||
| 650 |
_aAmerican literature _xHistory and criticism. _911269 |
||
| 942 |
_2lcc _cBK |
||
| 999 |
_c8809 _d8809 |
||